000 00742nam a2200265Ia 4500
003 OSt
005 20221005091317.0
006 a|||||r|||| 00| 0
007 ta
008 221004b |||||||| |||| 00| 0 eng d
020 _a0333647114
024 _a79885
037 _cTextual
040 _aCRL
_cCRL
_beng
041 _2eng
_aeng
082 _aY31.3.J<--G, P3
100 _aSchofield Phillipp R
_9616004
245 0 _aPeasant and community in medieval England, 1200 - 1500
260 _aNew York
_bPalgrave Macmillan
_c2003
300 _a279p.
_ccm.
490 _aMedieval culture and society
650 _aSOCIOLOGY
942 _hY31.3.J<--G, P3
_cTEXL
_2cc
999 _c997069
_d997069